| 000 | 00562nam a22001695i 4500 | ||
|---|---|---|---|
| 001 | 48702 | ||
| 003 | ES-MaACL | ||
| 005 | 20230906161813.0 | ||
| 007 | t| | ||
| 008 | 950731s1895 sp ||||1| spa d | ||
| 040 |
_aCAM _bspa _cCAM |
||
| 100 | 1 |
_aDíaz Redondo, Cayetano. _944403 |
|
| 245 | 1 | 3 |
_aLa gastro-ectasia / _cmemoria escrita por Cayetano Diaz Redondo ... para optar al grado de doctor en la misma facultad. |
| 260 |
_aMadrid : _b[s.n], _c1895 ( _fEstablecimiento tipográfico de Fortanet) |
||
| 300 |
_a63 p. ; _c27 cm. |
||
| 852 |
_aES-MaACL _jT-785-F-3 |
||
| 999 |
_c48702 _d48702 |
||